00634 2200181 4500001002100000005001700021008004100038035002500079082001100104090002000115100002600135245013200161260006200293300003800355650002800393850001200421990001900433YOGYA-0113000000093920150319115754.0 ind  a0010-011300000000939 a343.05 aSK 343.05 Mis P aMISBACHUN EKO RAHARJO aPelaksanaan pemungutan pajak bumi dan bangunan di Kecamatan Sentolo Kabupaten Kulonprogo tahun 2001-2003cMisbachun Eko Raharjo aYogyakartabFakultas Hukum Universitas Ahmad Dahlanc2005 axiv,86,(12)lbrbilus, lampc29 cm aPajak bumi dan bangunan aYOPDYOG a42.112.PD/A.12